00772nam a22002297a 450000500170000001000130001702000220003003500130005203700160006504000120008108200150009310000230010824500690013126000360020027000370023630000240027365000310029765000370032894200240036599900190038995201340040820170124110158.0 aA-585109 c00.00a8185674329 aA-585109 bCen Lib/Ret aDPLbEN a133.5bRAM aRaman, B.V.935557 aAstrology in forecasting weather and earthquakes /cby B.V.Raman aNew DelhibUBS Publishersc1992 a5 Ansari RoadbNew Delhie110002 axii,87p. c18cm(Hb) aWeather forecasting935558 aAstrology and meteorology935559 2ddccENh133.5mRAM c132723d132723 00104070aLbLd2015-07-23eCen Lib/Retg0.00l1o133.5 RAMpA-585109r2020-01-17 00:00:00s2020-01-03t1v0.00w2015-07-23yEN